U.S. Cities by Google Maps Street View - Statistics

General Stats
  • This quiz has been taken 879 times
  • The average score is 9 of 16
Answer Stats
Picture Answer % Correct
New York City
88%
St. Louis
88%
Washington D.C.
81%
San Francisco
78%
Chicago
74%
Los Angeles
71%
Miami
61%
Seattle
59%
Dallas
54%
Boston
50%
Detroit
45%
Philadelphia
41%
Phoenix
38%
Honolulu
27%
Baltimore
21%
Anchorage
10%
No matching quizzes found
Score Distribution
Percent of People with Each Score
Percentile by Number Answered
Your Score History
You have not taken this quiz